| 000 | 00502nam a22001457a 4500 | ||
|---|---|---|---|
| 008 | 230501b |||||||| |||| 00| 0 eng d | ||
| 040 |
_aNational Science Library _cNational Science Library |
||
| 080 |
_a54(082.2) _bP9 |
||
| 245 |
_aNational seminar on new frontiers in chemistry 8 & 9 January, 2009 _c/Post graduate department of chemistry auxilium college |
||
| 260 |
_aDelhi: _bUniversity Grants Commission, _c2009 |
||
| 300 | _a41p. | ||
| 650 | _aChemistry | ||
| 653 | _aWater | ||
| 942 |
_2udc _cSEM |
||
| 999 |
_c25592 _d25592 |
||